Interrelations between Body Weight, Cigarette Smoking and Spine Mineral Density in Osteoporotic Czech Women

Bibliographic Details
Main Authors: Kapitola, J. (Author), P. D. Broulik (Author)
Format: Article
Language:English

MARC

LEADER 00000nab a2200000uu 4500
001 vtls010891183
003 SK-MaSNL
005 20260303135610.0
008 230218|1993 xo |||||||||||||||||eng|
015 |a SNBRB 
035 |a (urnnbn)urn:nbn:sk:snk:ar-0063q4 
035 |a (uuid)298037f5-1de5-4ee1-b907-6df59067b87f 
035 |a urn:nbn:sk:snk-ab8l15 
040 |a SNKBUCL  |b slo  |c SNKBUCL  |e AACR2 
041 0 |a eng 
044 |a xo  |c SK 
100 1 |a Kapitola, J.  |4 aut  |9 1146251 
245 1 0 |a Interrelations between Body Weight, Cigarette Smoking and Spine Mineral Density in Osteoporotic Czech Women  |c J. Kapitola, P. D. Broulik 
700 1 |a P. D. Broulik  |4 aut  |9 1146636 
773 0 |t Endocrine regulations  |g Roč. 27, č. 2 (1993), s. 57-60 
958 |a OND 
958 |a EUIPO 
958 |a article10 
999 |c 1966606  |d 1968536